Kontrola svorníků přístrojem OmniScan MX PA

Bibliographic Details
Main Author: Furstová, Dana (Author)
Format: Article
Language:Slovak
Czech
PhysicalDescription:Fotogr.
ISSN:1336-5045
Subjects:

MARC

LEADER 00000nab a2200000 a 4500
001 vtls008946266
003 SK-MaSNL
005 20260304135334.0
008 250505c2006 xo |||||||||||000 b|slo
015 |a SNBRB2007/02  |2 snkbucl 
035 |a (uuid)34e0a0d7-dce9-44b7-94e9-16b20745c657 
035 |a urn:nbn:sk:snk-ab9v7k 
035 |a (urnnbn)urn:nbn:sk:snk:ar-a08xru 
038 |a SNKBUCL 
040 |a SNKBUCL  |b slo  |c SNKBUCL  |e AACR2 
041 0 |a cze  |b eng  |b cze 
044 |a xo  |c SK 
080 |a 621.882.6:620.179.16  |2 1997 
080 |a 620.179.16  |2 1997 
080 |a 624.078.42  |2 1997 
100 1 |a Furstová, Dana  |4 aut  |9 1454431 
245 1 0 |a Kontrola svorníků přístrojem OmniScan MX PA  |c Dana Furstová 
246 3 1 |a Inspection of bolting using OmniScan MX PA 
300 |b Fotogr. 
546 |a Res. angl., čes. 
650 0 7 |a svorníky  |2 snkbucl  |9 600177 
650 0 7 |a chyby materiálov  |2 snkbucl  |9 51164 
650 0 7 |a ultrazvukové skúšanie materiálov  |2 snkbucl  |9 73046 
773 0 |t Zvárač  |g Roč. III, č. 4 (2006), s. 15-16  |x 1336-5045 
850 |a Slovenská národná knižnica 
852 |a Slovenská národná knižnica 
958 |a article13 
958 |a OND 
958 |a EUIPO 
999 |c 2910359  |d 2912289